000 00628nam a2200241Ia 4500
003 OSt
005 20220912144338.0
006 a|||||r|||| 00| 0
007 ta
008 220909b |||||||| |||| 00| 0 eng d
020 _aSL0705673
024 _a196170
037 _cTextual
040 _aCSL
_beng
_cCSL
041 _aeng
082 _aY22z7, L9
100 _aStinnett N; Chesser B; Defrain J
245 0 _aBuilding family strengths
700 _a Defrain J
700 _aStinnett N; Chesser B; Defrain J
942 _hY22z7, L9
_cTEXL
_2CC
999 _c5568
_d5568